000 00635nam a2200217Ii 4500
003 JO-AjNU
008 230606s9999||||xx |||||||||||||| ||und||
020 _a0-13-239077-9
040 _aJO-AjNU
_beng
_erda
_cJO-AjNU
041 _aeng
050 1 4 _aQA76.9.A25 .P45 2009
100 3 _aPleeger, P Pfleeger /Shari lawrence Pfleeger,
_eauthor
_9485
245 0 0 _asecurity in Computing
250 _a4 ed
264 3 1 _aPrintic-hall International:London,2009
300 _a844p
336 _atext
_btxt
_2rdacontent
337 _aunmediated
_bn
_2rdamedia
338 _avolume
_bnc
_2rdacarrier
650 4 _a Computer security 
_9486
999 _aE258
_c258
_d258